Musique rap fr album - Statistiques

Statistiques générales
  • Ce quiz a été pris 448 fois
  • Le résultat moyen est 7 sur 14
Statistiques - réponses
Album Rappeur Sons % Correct
Drill FR Gazo Cache cou / parkinson / kassav / tchin 2x / on a / asap / drill fr 5 / haine&sex / inhumain / bsb / euphon / mon cher / malagangx
81%
Cicatrices Zola Baby boy / fuckboi / mojo / ouais ouais / jamais / club / papers / extasy / kinshasa / astroboy / zolabeille / 7.65 / alloicizolaski4 / L1 L2 / B.A.L
74%
A7 SCH John lennon / solides / gedeon / rêves de gosse / genny & ciiro / gomorra / mauvaises idées / liquide / pas de manières / drogue prohibée / champs élysées / j’reviens de loin / fusil
72%
ADC Freeze corleone MW2 / Isshin ashina / shavkat / Amérique du sud / ancelotti / tse chi lop / kpop / l’homme méthode / bill clinton / voldemort / argent noir part 3 / jour de plus / lamborghini bénie
64%
J.O.$ Josman Fucked up 3 / loto / DLVrai / Frais avec / V&V / Time / BIZ / Sourcils froncés / un zder, un thé / wow / xs / l’occasion / jeune n**** / j’aime bien / ce soir j’achèterai un flash / la plaie
62%
MVP Mister V Clinton / jamais / tudo bem / femme de ménage / vice city / vert / boogie / lidl / titanic / moulin rouge / kungfu / pirelli / menace / on y est / gang / payakaroon / miami heat / facetime
61%
Empereur du sale Lorenzo Que du sale / fais pas le mec / j’adore sa / freestyle du sale / beurette de luxe / en fumette / du très très sale / keske tu veux / mamène / petit prince / ma vie / sale babos de merde / j’gamberge
53%
Cœur abîmé UZI Guitare / guy moquet / à la fête / délégué / bella / bâtiment / madre mia / numéro 10 / couleurs / 22 mètres / 10 ans / état du cœur / mérité
47%
Fame Lefa Nouveau maillot / bitch / pause / sors de ma tête / course poursuite / megazord / o&s / château de Versailles / trip / sous la pleine lune / t’y arrivais pas / spécial / maniaque / mauvais / batman
46%
Adios bahamas Népal Opening / ennemis pt 2 / en face / trajectoire / vibe / lemonade / là bas / sundance / millionnaire / sans voir / crossfader / daruma
42%
Mistral Soso maness Pinpon / qu’est-ce qu’ils connaissent ? / balance / dans mes rêves / fuckep up / zodiaque / le sang appelle le sang / Boussole / So maness / DDD / bilal / sadio maness / écouté par les vrais / tout pour la fm
35%
Nique le casino Sadek Entrée / Le croupier / la paresse / loin / las vegas / la bise / sans parler / andale / c’est plus pareil / piña colada / c’est trop / la salle des coffres
31%
NQNT2 Vald Retour / Bonjour / infanticide / quidam / cartes sous l’coude / urbanisme / selfie / taga / promesse / joffrey / ogre
29%
Vox cordis D.Ace Ace / charmant / johnny / je m’en fous / hokage / dinguerie / tout et tout de suite / la vérité / mangas 4 / le jour où / à cœur ouvert / kestuveux / étranglement / juge / dis le moi / malagasme / je t’aime
7%
Aucun quiz correspondant
Distribution des résultats
% des personnes avec chaque résultat
Percentile par nombre de réponses
Votre historique - résultats
Vous n’avez pas pris ce quiz